QUEST Central Library Banner

Introduction to microprocessor sytem design (Record no. 14799)

MARC details
000 -LEADER
fixed length control field 00256nam a22001097a 4500
082 ## - DEWEY DECIMAL CLASSIFICATION NUMBER
Classification number 621.381958HAR
100 ## - MAIN ENTRY--AUTHOR NAME
Personal name Harry
245 ## - TITLE STATEMENT
Title Introduction to microprocessor sytem design
260 ## - PUBLICATION, DISTRIBUTION, ETC. (IMPRINT)
Place of publication New Delhi
Name of publisher Tata McGraw Hill
Year of publication 1979
300 ## - PHYSICAL DESCRIPTION
Number of Pages 192
942 ## - ADDED ENTRY ELEMENTS (KOHA)
Koha item type Books
Holdings
Withdrawn status Lost status Home library Current library Date acquired Cost, normal purchase price Full call number Accession Number Koha item type
    Central Library, QUEST, Nawabshah Central Library, QUEST, Nawabshah 24/11/2015 110.50 621.381958HAR 13407 Books
    Central Library, QUEST, Nawabshah Central Library, QUEST, Nawabshah 24/11/2015 110.50 621.381958HAR 13408 Books
    Central Library, QUEST, Nawabshah Central Library, QUEST, Nawabshah 24/11/2015 110.50 621.381958HAR 13409 Books
    Central Library, QUEST, Nawabshah Central Library, QUEST, Nawabshah 24/11/2015 110.50 621.381958HAR 13411 Books
    Central Library, QUEST, Nawabshah Central Library, QUEST, Nawabshah 24/11/2015 110.50 621.381958HAR 13412 Books
    Central Library, QUEST, Nawabshah Central Library, QUEST, Nawabshah 24/11/2015 110.50 621.381958HAR 13413 Books
    Central Library, QUEST, Nawabshah Central Library, QUEST, Nawabshah 24/11/2015 110.50 621.381958HAR 13414 Books
    Central Library, QUEST, Nawabshah Reference Section 24/11/2015 110.50 621.381958HAR 13410 Books

Copyright © 2018,The QUEST, Nawabshah, Shaheed Benazirabad. All rights reserved
Mr. G. Farooq Channar (Librarian) QUEST, Nawabshah, Sindh, Pakistan 67480.
 Ph#: |   0244-9370381-4 Ext. 2308   Email| lib@quest.edu.pk   Web|  http://www.quest.edu.pk